What did Jesus teach? (Record no. 5051)

000 -LEADER
fixed length control field 00575nam a2200181 a 4500
001 - CONTROL NUMBER
control field :::00002792$&:&@@
003 - CONTROL NUMBER IDENTIFIER
control field OkBaRHE
005 - DATE AND TIME OF LATEST TRANSACTION
control field 20000607103257.0
008 - FIXED-LENGTH DATA ELEMENTS--GENERAL INFORMATION
fixed length control field s1937 j 000 0 eng u
040 ## - CATALOGING SOURCE
Transcribing agency
100 1# - MAIN ENTRY--PERSONAL NAME
Personal name Findlay, J. Alexander (James Alexander), 1880-
245 10 - TITLE STATEMENT
Title What did Jesus teach?
260 ## - PUBLICATION, DISTRIBUTION, ETC. (IMPRINT)
Place of publication, distribution, etc London, UK:EN., :
Name of publisher, distributor, etc Hodder & Stoughton, Limited
Date of publication, distribution, etc 1937
300 ## - PHYSICAL DESCRIPTION
Extent 212 p. ;
Dimensions 18 cm.
650 ## - SUBJECT ADDED ENTRY--TOPICAL TERM
Topical term or geographic name as entry element Jesus Christ
General subdivision Teachings
942 ## - ADDED ENTRY ELEMENTS (KOHA)
Source of classification or shelving scheme
Koha item type Books
Copies
Date acquired Price effective from Damaged status Barcode Source of classification or shelving scheme Full call number Copy number Permanent Location Koha item type Not for loan Lost status Withdrawn status Shelving location Date last seen
2010-04-142010-04-14 2792 BS 2417 .F4691RHEMA Bible Training CollegeBooks   General Stacks2018-03-16